000 00812nam a2200241 a 4500
001 000017040
005 20240226140809.0
008 100316s2001 dr 000 0 spa d
020 _a084200091X
040 _aDO-SdBNP
_bspa
_cBNPHU
082 _a61553
_bM296a
100 1 _aMañón Rossi, Wilfredo
_937599
245 1 0 _aAdán :
_bel primer naturista. /
_cWilfredo Mañón Rossi; prólogo José R. Dunker.
250 _a2a ed. revisada
260 _aSanto Domingo :
_bCE-NATURA,
_c2001.
300 _a254 p. ;
_c21 cm.
500 _aIncluye datos biográficos del autor en la solapa de la contracubierta
504 _aIncluye bibliografías [p. 251-254]
650 4 _aPlantas medicinales
_921554
650 4 _aMedicina natural
_937600
700 1 _aDunker L., José,
_d1943-
_epról.
_91027
049 _aBNPD
999 _c16566
_d16566